000 00667nam a2200181Ia 4500
008 100921s9999 xx 000 0 und d
082 _b36669
_a613 न 02
100 _aभारद्वाज मंदाकिनी.
245 _aभुरळ.
260 _bतोरणा प्रकाशन, पुणे.
_c2002
300 _a164
_bशांती पब्लिकेशन,पुणे
365 _b160
520 _aतंत्रविज्ञान-आहार-आरोग्य.
630 _aभुरळ.
650 _aतंत्रविज्ञान-आहार-आरोग्य.
730 _aभुरळ.
942 _cBOOK
999 _c785782
_d785779